书目信息 |
| 题名: |
读者合订本
|
|
| 作者: | 读者杂志社 编 | |
| 分册: | 2015.1-6 | |
| 出版信息: | 读者出版传媒股份有限公司 2015.06 |
|
| 页数: | ||
| 开本: | 28cm | |
| 丛书名: | ||
| 单 册: | ||
| 中图分类: | Z228.2 | |
| 科图分类: | ||
| 主题词: | 百科全书--中国 | |
| 电子资源: | ||
| ISBN: | ||
| 000 | 00547nam0 2200181 450 | |
| 001 | 1536240128 | |
| 005 | 20151204105501.72 | |
| 010 | @dCNY25.00 | |
| 100 | @a20151204d2015 km y0chiy0120 ea | |
| 101 | 0 | @achi |
| 200 | 1 | @a读者合订本@Adu zhe he ding ben@h2015.1-6@f读者杂志社编@Fdu zhe za zhi she bian |
| 210 | @c读者出版传媒股份有限公司@d2015.06 | |
| 215 | @d28cm | |
| 606 | 0 | @a百科全书@x中国 |
| 690 | @aZ228.2@v4 | |
| 701 | 0 | @a读者杂志社@Adu zhe za zhi she@4编 |
| 801 | 0 | @aCN@b大连网信软件有限公司图书馆·11@c20151204 |
| 905 | @aZUCC@dZ228.2@eD7913 | |
| 读者合订本.2015.1-6/读者杂志社编.-读者出版传媒股份有限公司,2015.06 |
| 28cm |
| ISBN :CNY25.00 |
| ● |
| 相关链接 |
|
|
|
正题名:读者合订本
索取号:Z228.2/D7913
 
预约/预借
| 序号 | 登录号 | 条形码 | 馆藏地/架位号 | 状态 | 备注 |
| 1 | 497790 | 204977908 | 计算机与数据科学学院资料室/ [索取号:Z228.2/D7913] | 在馆 |